[Event "IRI-ch Online"]
[Site "Chess.com INT"]
[Date "2021.03.18"]
[Round "9"]
[White "Ghaeni, Arya"]
[Black "Nazari, Arad"]
[Result "0-1"]
[WhiteElo "1759"]
[BlackElo "2298"]
[PlyCount "102"]
[EventDate "2021.03.15"]
[EventType "swiss (rapid)"]
[EventRounds "11"]
[EventCountry "IRI"]
[SourceTitle "CBM 201 Extra"]
[Source "ChessBase"]
[SourceDate "2021.05.31"]
[SourceVersion "1"]
[SourceVersionDate "2021.05.31"]
[SourceQuality "1"]

1. d4 Nf6 2. Nf3 g6 3. Bf4 Bg7 4. e3 0-0 5. h3 d6 6. Be2 Nbd7 7. 0-0 c6 8. c4 Re8 9. Nc3 Qa5 10. a3 e5 11. b4 Qc7 12. Bh2 b6 13. c5 bxc5 14. bxc5 exd4 15. exd4 Qa5 16. Rc1 dxc5 17. Qb3 Ba6 18. Bc4 Bxc4 19. Qxc4 Qxa3 20. Ng5 Re7 21. Bd6 Nb6 22. Qxc5 Qxc5 23. dxc5 Rd7 24. Nce4 Nxe4 25. Nxe4 Nd5 26. Rfd1 a5 27. Rxd5 cxd5 28. c6 Rdd8 29. c7 dxe4 30. cxd8Q+ Rxd8 31. Ba3 Bf8 32. Bxf8 Kxf8 33. Ra1 Ra8 34. Ra4 f5 35. Kf1 Ke7 36. Ke2 Kd6 37. Ke3 Kc5 38. f3 exf3 39. Kxf3 Kb5 40. Ra1 a4 41. Kf4 a3 42. Kg5 a2 43. Kh6 Ra7 44. g4 f4 45. g5 f3 46. h4 f2 47. h5 gxh5 48. Kxh5 Kc4 49. Kh6 Kd3 50. g6 hxg6 51. Kxg6 Ke2 0-1